[Event "Collado Villalba op-A 36th"]
[Site "Collado Villalba"]
[Date "2019.08.23"]
[Round "1"]
[White "Prada Lopez, Miguel Angel"]
[Black "Garcia Villalba, Daniel"]
[Result "1/2-1/2"]
[WhiteElo "2110"]
[BlackElo "1845"]
[PlyCount "71"]
[EventDate "2019.08.23"]
[EventType "swiss"]
[EventRounds "9"]
[EventCountry "ESP"]
[SourceTitle "CBM 192 Extra"]
[Source "Chessbase"]
[SourceDate "2019.11.06"]
[SourceVersion "1"]
[SourceVersionDate "2019.11.06"]
[SourceQuality "1"]

1. Nf3 d5 2. c4 e6 3. g3 Nf6 4. Bg2 Be7 5. b3 0-0 6. Bb2 b6 7. cxd5 exd5 8. 0-0 Bb7 9. d4 c5 10. Nbd2 Nc6 11. Rc1 Rc8 12. dxc5 Bxc5 13. a3 a5 14. Nh4 d4 15. Ndf3 Qd7 16. Qd3 Rcd8 17. Rfd1 Ng4 18. Qf5 Nh6 19. Qh5 f6 20. b4 axb4 21. axb4 Nxb4 22. Nxd4 Rfe8 23. e3 Bxg2 24. Nxg2 Qg4 25. Qh4 Qxh4 26. Nxh4 Ng4 27. Nhf3 Ne5 28. Nxe5 Rxe5 29. Nb3 Red5 30. Rxd5 Rxd5 31. e4 Rd8 32. Nxc5 bxc5 33. Rxc5 Nd3 34. Rb5 Nxb2 35. Rxb2 Rd7 36. Kg2 1/2-1/2

[Event "Sanxenxo Carlos op 11th"]
[Site "Sanxenxo"]
[Date "2019.06.23"]
[Round "2"]
[White "Garcia Villalba, Daniel"]
[Black "Rodriguez Lopez, Rafael"]
[Result "0-1"]
[WhiteElo "1952"]
[BlackElo "2260"]
[PlyCount "76"]
[EventDate "2019.06.22"]
[EventType "swiss"]
[EventRounds "9"]
[EventCountry "ESP"]
[SourceTitle "CBM 191 Extra"]
[Source "ChessBase"]
[SourceDate "2019.09.30"]
[SourceVersion "1"]
[SourceVersionDate "2019.09.30"]
[SourceQuality "1"]

1. e4 c5 2. c3 Nf6 3. e5 Nd5 4. d4 cxd4 5. cxd4 d6 6. Nf3 Nc6 7. Bc4 dxe5 8. dxe5 Ndb4 9. Qb3 e6 10. 0-0 Na5 11. Bb5+ Bd7 12. Qa4 Bxb5 13. Qxb5+ Nac6 14. Nc3 a6 15. Qe2 Qd3 16. Rd1 Qxe2 17. Nxe2 Be7 18. a3 Nd5 19. Bd2 0-0 20. Nc3 Rfd8 21. Kf1 Nb6 22. Ne4 Rd5 23. Bc3 Rad8 24. Ke2 Na4 25. Rxd5 exd5 26. Nd6 Bxd6 27. exd6 Rxd6 28. Rd1 f6 29. Nd4 Kf7 30. f4 Nxc3+ 31. bxc3 Nxd4+ 32. Rxd4 Ke6 33. Rb4 b6 34. g4 g5 35. f5+ Kd7 36. a4 Kc6 37. c4 Kc5 38. Rb1 dxc4 0-1

[Event "Madrid Chamartin op 7th"]
[Site "Madrid"]
[Date "2018.09.04"]
[Round "3"]
[White "Garcia Villalba, Daniel"]
[Black "Martinez Pintor, Juan"]
[Result "1-0"]
[WhiteElo "1808"]
[BlackElo "1627"]
[PlyCount "49"]
[EventDate "2018.09.03"]
[EventType "swiss"]
[EventRounds "9"]
[EventCountry "ESP"]
[SourceTitle "CBM 187 Extra"]
[Source "ChessBase"]
[SourceDate "2018.11.04"]
[SourceVersion "1"]
[SourceVersionDate "2018.11.04"]
[SourceQuality "1"]

1. e4 e6 2. d4 d5 3. Nd2 Be7 4. c3 c5 5. exd5 exd5 6. Ngf3 Nc6 7. Bb5 cxd4 8. Nxd4 Bd7 9. N2f3 Nf6 10. 0-0 0-0 11. h3 h6 12. Be3 Ne4 13. Qc2 Rc8 14. Rad1 a6 15. Be2 b5 16. Qb1 Qc7 17. Nxc6 Bxc6 18. Nd4 Bd7 19. Bf3 f5 20. Ne2 Bc6 21. Nf4 Qd6 22. Rd3 g5 23. Nxd5 Bxd5 24. Rfd1 Bxa2 25. Qxa2+ 1-0

[Event "Madrid Chamartin op 7th"]
[Site "Madrid"]
[Date "2018.09.03"]
[Round "1"]
[White "Garcia Villalba, Daniel"]
[Black "Amati, Franco"]
[Result "1-0"]
[WhiteElo "1808"]
[BlackElo "1449"]
[PlyCount "59"]
[EventDate "2018.09.03"]
[EventType "swiss"]
[EventRounds "9"]
[EventCountry "ESP"]
[SourceTitle "CBM 187 Extra"]
[Source "ChessBase"]
[SourceDate "2018.11.04"]
[SourceVersion "1"]
[SourceVersionDate "2018.11.04"]
[SourceQuality "1"]

1. e4 c5 2. c3 d6 3. d4 cxd4 4. cxd4 e6 5. Nc3 a6 6. Nf3 Be7 7. Bd3 Nc6 8. a3 b5 9. 0-0 Bb7 10. Re1 Nf6 11. h3 0-0 12. Be3 Qc7 13. Rc1 Rad8 14. d5 Ne5 15. Nxe5 dxe5 16. dxe6 Qd6 17. exf7+ Rxf7 18. Bb1 Rff8 19. Qb3+ Kh8 20. Red1 Qb8 21. Kh1 Qa8 22. f3 Nh5 23. Bb6 Rxd1+ 24. Rxd1 Bh4 25. Qe6 Bg3 26. Qe7 Re8 27. Qg5 g6 28. Ne2 Bf4 29. Nxf4 Nxf4 30. Qf6+ 1-0

[Event "Madrid Chamartin op 6th"]
[Site "Madrid"]
[Date "2017.09.10"]
[Round "9"]
[White "Garcia Villalba, Daniel"]
[Black "Bustos Bernardo, Samuel"]
[Result "0-1"]
[WhiteElo "1827"]
[BlackElo "2096"]
[PlyCount "56"]
[EventDate "2017.09.04"]
[EventType "swiss"]
[EventRounds "9"]
[EventCountry "ESP"]
[SourceTitle "CBM 180 Extra"]
[Source "ChessBase"]
[SourceDate "2017.10.06"]
[SourceVersion "1"]
[SourceVersionDate "2017.10.06"]
[SourceQuality "1"]

1. e4 c5 2. Nf3 d6 3. Bc4 Nf6 4. d3 Nc6 5. c3 a6 6. Bb3 Bg4 7. 0-0 Ne5 8. Nxe5 dxe5 9. f3 Bd7 10. Be3 e6 11. Nd2 b5 12. Qe1 Bc6 13. Bc2 Bd6 14. Qf2 Qe7 15. Nb3 Nd7 16. Na5 Rc8 17. Nxc6 Rxc6 18. a4 0-0 19. axb5 axb5 20. Ra5 Rb8 21. Rfa1 Qd8 22. Qe1 h6 23. R1a2 b4 24. Ba4 Qxa5 25. Bxc6 Qxa2 26. Bxd7 Qa7 27. cxb4 Rxb4 28. Qxb4 Qa1+ 0-1

[Event "Madrid-ch U14"]
[Site "Madrid"]
[Date "2016.04.23"]
[Round "5"]
[White "Lianes Garcia, Marcos"]
[Black "Garcia Villalba, Daniel"]
[Result "1-0"]
[WhiteElo "2221"]
[BlackElo "1747"]
[PlyCount "59"]
[EventDate "2016.04.16"]
[EventType "tourn"]
[EventRounds "7"]
[EventCountry "ESP"]
[SourceTitle "CBM 172 Extra"]
[Source "ChessBase"]
[SourceDate "2016.06.21"]
[SourceVersion "1"]
[SourceVersionDate "2016.06.21"]
[SourceQuality "1"]

1. e4 e6 2. d4 d5 3. exd5 exd5 4. Nf3 Nf6 5. c4 Be7 6. Be2 0-0 7. 0-0 h6 8. Bf4 Nc6 9. Nc3 Be6 10. c5 a6 11. h3 Kh8 12. Bd3 Nh7 13. Ne5 Nxe5 14. Bxe5 f6 15. Bh2 Rg8 16. Ne2 g5 17. Ng3 Qd7 18. Qc2 Rg7 19. Nf5 Bxf5 20. Bxf5 Qc6 21. Rfe1 Nf8 22. Re3 b6 23. Rae1 Bd8 24. Re8 Rg8 25. Qe2 Kg7 26. Qh5 bxc5 27. R1e7+ Bxe7 28. Rxe7+ Kh8 29. Qxh6+ Nh7 30. Qxh7# 1-0

[Event "Madrid-ch U14"]
[Site "Madrid"]
[Date "2016.04.17"]
[Round "3"]
[White "Albert Aparicio, Ismael"]
[Black "Garcia Villalba, Daniel"]
[Result "0-1"]
[WhiteElo "1467"]
[BlackElo "1747"]
[PlyCount "60"]
[EventDate "2016.04.16"]
[EventType "tourn"]
[EventRounds "7"]
[EventCountry "ESP"]
[SourceTitle "CBM 172 Extra"]
[Source "ChessBase"]
[SourceDate "2016.06.21"]
[SourceVersion "1"]
[SourceVersionDate "2016.06.21"]
[SourceQuality "1"]

1. e4 d6 2. d4 Nf6 3. Nc3 Nbd7 4. Nf3 e5 5. dxe5 dxe5 6. Bc4 Bc5 7. Bg5 c6 8. a3 b5 9. Ba2 a5 10. Ne2 Bxf2+ 11. Kf1 Bc5 12. b4 Be7 13. Bxf6 Bxf6 14. Qd6 Qb6 15. bxa5 Rxa5 16. Nd2 Be7 17. Qd3 0-0 18. c4 Rxa3 19. Qb1 Ba6 20. cxb5 Qxb5 21. Bc4 Qxb1+ 22. Rxb1 Bxc4 23. Nxc4 Ra4 24. Nd2 Nc5 25. Nc3 Ra3 26. Ne2 Rd3 27. Nc4 Nxe4 28. Nxe5 Rd6 29. Nf3 Nd2+ 30. Nxd2 Rxd2 0-1

[Event "Madrid-ch U14"]
[Site "Madrid"]
[Date "2016.04.17"]
[Round "4"]
[White "Garcia Villalba, Daniel"]
[Black "Carrasco Coquillat, Jorge"]
[Result "1-0"]
[WhiteElo "1747"]
[BlackElo "1417"]
[PlyCount "33"]
[EventDate "2016.04.16"]
[EventType "tourn"]
[EventRounds "7"]
[EventCountry "ESP"]
[SourceTitle "CBM 172 Extra"]
[Source "ChessBase"]
[SourceDate "2016.06.21"]
[SourceVersion "1"]
[SourceVersionDate "2016.06.21"]
[SourceQuality "1"]

1. e4 c5 2. Nf3 d6 3. Bb5+ Nc6 4. Bxc6+ bxc6 5. 0-0 Nf6 6. e5 Nd7 7. exd6 e6 8. d3 Bxd6 9. Nbd2 f5 10. Nc4 Nf6 11. Nxd6+ Qxd6 12. Re1 h6 13. b3 g5 14. Ba3 g4 15. Ne5 Ne4 16. Nc4 Qf4 17. dxe4 1-0